[Event "Hoogovens"]
[Site "Wijk aan Zee"]
[Date "1985.01.25"]
[Round "6"]
[White "Lobron, Eric"]
[Black "Beliavsky, Alexander G"]
[Result "1/2-1/2"]
[WhiteElo "2505"]
[BlackElo "2635"]
[Annotator "ChessBase"]
[PlyCount "49"]
[EventDate "1985.01.18"]
[EventType "tourn"]
[EventRounds "13"]
[EventCountry "NED"]
[EventCategory "13"]
[SourceTitle "MCL"]
[Source "ChessBase"]
[SourceDate "1999.07.01"]
[SourceVersion "1"]
[SourceVersionDate "1999.07.01"]
[SourceQuality "1"]

1. e4 e6 2. d4 d5 3. Nc3 Bb4 4. e5 b6 5. Qg4 Bf8 6. a4 Nc6 7. Bb5 Bd7 8. Bg5
Nge7 9. Nd1 $6 h5 $1 10. Qf4 Ng6 11. Qg3 Be7 12. Bxe7 Ncxe7 13. Bd3 c5 14. c3
b5 $5 15. axb5 cxd4 16. Nf3 (16. cxd4 Qb6) 16... Qb8 17. O-O (17. cxd4 Bxb5 18.
Bc2 Bc4 $15) 17... h4 (17... Bxb5 $6 18. Bxb5+ Qxb5 19. Nxd4 $14) 18. Qg5 Bxb5
19. Bxb5+ Qxb5 20. Nxd4 Qd3 21. h3 (21. Ne3 h3 22. g3 Qe4 $19) 21... Qe4 22. f4
O-O 23. Rf3 Qe1+ 24. Rf1 Qe4 25. Rf3 1/2-1/2

[Event "EU-chT 07th Final"]
[Site "Skara"]
[Date "1980.01.23"]
[Round "4.2"]
[White "Gligoric, Svetozar"]
[Black "Karlsson, Lars"]
[Result "1-0"]
[WhiteElo "2565"]
[BlackElo "2405"]
[Annotator "ChessBase"]
[PlyCount "81"]
[EventDate "1980.01.20"]
[EventType "team-tourn"]
[EventRounds "7"]
[EventCountry "SWE"]
[SourceTitle "EU-chT"]
[Source "ChessBase"]
[SourceDate "1999.07.01"]
[SourceVersion "2"]
[SourceVersionDate "1999.07.01"]
[SourceQuality "1"]
[WhiteTeam "Yugoslavia"]
[BlackTeam "Sweden"]
[WhiteTeamCountry "YUG"]
[BlackTeamCountry "SWE"]

1. d4 e6 2. e4 d5 3. Nc3 Bb4 4. e5 Qd7 5. Qg4 f5 6. Qh5+ g6 (6... Qf7 7. Qxf7+
(7. Qf3 b6 8. a3 {Keres} Bf8 9. Nh3 c6 10. Bd2 Ba6 {Vitolinsh-Kapengut/1964/}
11. O-O-O $14) 7... Kxf7 8. Bd2 $14) 7. Qd1 (7. Qf3 b6 8. a3 Bf8 9. h4 h6 10.
Nh3 c5 11. Bb5 Nc6 12. Nf4 Nge7 13. Be3 cxd4 14. Bxd4 a6 15. Bxc6 Nxc6 16.
O-O-O Rg8 $13 {Watson}) 7... Bf8 8. Nf3 b6 9. Ne2 h6 10. h4 Qf7 11. Nf4 Ne7 12.
c4 dxc4 13. Bxc4 c6 14. Bd2 Na6 15. Qc2 Nc7 16. O-O-O Bd7 17. Kb1 O-O-O 18. Rc1
Kb7 19. Bb4 Rc8 20. Bd6 Ned5 21. Qd2 Be7 22. Bxd5 Nxd5 23. Nxd5 exd5 24. Rhe1
Be6 25. Qb4 Bd8 26. Re3 g5 27. Ra3 Ka8 28. Qa4 Qb7 29. g3 f4 30. hxg5 hxg5 31.
gxf4 gxf4 32. Rac3 Rh3 33. a3 Bg4 34. Ne1 Rxc3 35. Rxc3 Bf5+ 36. Ka2 Bh4 37.
Nd3 Bxd3 38. Rxd3 Bxf2 39. Rh3 Qd7 40. Rh6 Kb7 41. Qc2 1-0

[Event "URS-ch55"]
[Site "Moscow"]
[Date "1988.07.??"]
[Round "9"]
[White "Sokolov, Andrei"]
[Black "Vaganian, Rafael A"]
[Result "1/2-1/2"]
[WhiteElo "2600"]
[BlackElo "2595"]
[Annotator "ChessBase"]
[PlyCount "83"]
[EventDate "1988.07.??"]
[EventType "tourn"]
[EventRounds "17"]
[EventCountry "URS"]
[EventCategory "14"]
[SourceTitle "URS-ch"]
[Source "ChessBase"]
[SourceDate "1999.07.01"]
[SourceVersion "1"]
[SourceVersionDate "1999.07.01"]
[SourceQuality "1"]

1. e4 e6 2. d4 d5 3. Nc3 Bb4 4. e5 b6 5. a3 Bxc3+ 6. bxc3 Qd7 7. a4 Ba6 8. Bxa6
Nxa6 9. Qg4 f5 10. Qh5+ g6 11. Qe2 Nb8 12. h4 (12. Nf3) 12... h6 13. Nh3 Ne7
14. Nf4 Nbc6 15. Ba3 (15. g4) 15... Rg8 16. Bb4 Kf7 {TN Vaganian} (16... Nxb4
17. cxb4 a5 {(Short)}) 17. O-O Nxb4 18. cxb4 Qc6 19. Ra3 Qc4 $10 20. Qxc4 (20.
Qd2 $5 c5 21. bxc5 bxc5 22. dxc5 Nc6 23. Re1 Qxc5 24. Rb3 $13 {(Short)}) 20...
dxc4 $15 {(Short)} 21. Rc3 Nd5 22. Nxd5 exd5 23. f4 c6 24. Kf2 a5 25. Rb1 b5 $1
26. axb5 cxb5 27. bxa5 Rxa5 28. Re3 Rb8 29. c3 Ra3 30. Rb2 Rb6 $6 31. Rb1 h5
32. Rb2 Ke7 33. Rb1 Kd7 34. Rb2 Ke8 35. Rb1 Ke7 36. Rb2 Kd7 37. Rb1 Rb7 38. Rb2
Kc6 39. Rg3 Rg7 40. Re3 Re7 41. Rg3 Re6 42. Re3 1/2-1/2

[Event "USA-ch"]
[Site "USA"]
[Date "1988.??.??"]
[Round "?"]
[White "Fedorowicz, John P"]
[Black "Seirawan, Yasser"]
[Result "1/2-1/2"]
[WhiteElo "2520"]
[BlackElo "2610"]
[Annotator "ChessBase"]
[PlyCount "77"]
[EventDate "1988.10.??"]
[EventType "tourn"]
[EventRounds "11"]
[EventCountry "USA"]
[EventCategory "12"]
[SourceTitle "CBM 011"]
[Source "ChessBase"]
[SourceDate "1989.08.01"]
[SourceVersion "1"]
[SourceVersionDate "1989.08.01"]
[SourceQuality "1"]

1. e4 e6 2. d4 d5 3. Nc3 Bb4 4. e5 Qd7 5. a3 Bxc3+ 6. bxc3 b6 7. a4 $6 (7. Qg4
$1 f5 8. Qg3 Ba6 9. Bxa6 Nxa6 10. Ne2 Nb8 11. Nf4 Nc6 12. Nxe6 $5 Qxe6 13. Qxg7
Qg6 14. Qxh8 O-O-O 15. Be3 Rd7 $6 (15... Re8 $6 16. h4 f4 17. h5 $13) (15... f4
$5 16. Bxf4 Re8 $1) 16. f4 $1 (16. c4 $5 dxc4 17. O-O-O h5 18. d5 Rh7 19. Qxh7
Qxh7 20. dxc6 {/+/-}) 16... Nd8 17. g4 Nf7 18. gxf5 Qg2 19. Rg1 Qxg1+ 20. Bxg1
Nxh8 $16) 7... Ba6 8. Bxa6 Nxa6 9. Qd3 Nb8 10. Qg3 f5 {10...f6!? (11.Nf3 f5!)}
11. Ne2 $1 Nc6 12. Nf4 O-O-O $5 (12... g6 13. h4 Nge7 14. h5 $1) 13. a5 $5 Nxa5
14. Rxa5 bxa5 15. Nd3 $1 g6 $1 16. O-O Qb5 17. Nc5 Re8 18. h4 Ne7 19. Nxe6 Nc6
20. Nf4 $1 (20. Nc5 $2 Nxe5 $1) 20... Nd8 $6 (20... a4 $5 21. Qf3 Rd8 22. Ne6
Na5 23. Nxd8 (23. Ba3 $5) 23... Rxd8 24. Ba3 Nc4 25. Bc5 Nd2 $19) 21. Qf3 $1 c6
22. Ba3 Ne6 23. Nxe6 $1 Rxe6 24. Bc5 Kb7 25. Ra1 Rxe5 26. c4 $5 (26. dxe5 Qxc5
$10) 26... dxc4 (26... Qb2 $2 27. Qd1 $1) 27. Qc3 $6 (27. dxe5 $5 Qxc5 28. Qc3
$14) 27... Rxc5 28. dxc5 Re8 29. Rxa5 Qb1+ 30. Kh2 Ka8 $1 31. Ra1 $1 (31. Qxc4
$2 Re4 $1 32. Qg8+ Qb8+ $1 $19) 31... Qb8+ 32. Kg1 Re4 33. f3 Qe5 34. Rxa7+ $1
Kxa7 35. Qa5+ Kb7 36. Qb6+ Kc8 37. Qxc6+ Kd8 38. fxe4 fxe4 39. Qb6+ 1/2-1/2

[Event "Biel"]
[Site "Biel"]
[Date "1986.07.25"]
[Round "5"]
[White "Nunn, John DM"]
[Black "Rogers, Ian"]
[Result "1/2-1/2"]
[WhiteElo "2590"]
[BlackElo "2515"]
[Annotator "Dolmatov,S"]
[PlyCount "29"]
[EventDate "1986.07.20"]
[EventType "tourn"]
[EventRounds "11"]
[EventCountry "SUI"]
[EventCategory "12"]
[SourceTitle "MCL"]
[Source "ChessBase"]
[SourceDate "1999.07.01"]
[SourceVersion "1"]
[SourceVersionDate "1999.07.01"]
[SourceQuality "1"]

1. e4 e6 2. d4 d5 3. Nc3 Bb4 4. e5 Qd7 5. Bd2 b6 6. Bb5 c6 7. Ba4 a5 8. a3 Bxc3
$6 (8... Bf8 9. Nce2 Ba6 10. c3 Bb5 11. Bc2 Ne7 12. Nf3 c5 13. O-O Nbc6 14. Re1
a4 $14) 9. Bxc3 Ba6 10. Qg4 (10. Bd2 $5 Ne7 11. c3 Bd3 (11... O-O 12. Be3 Nf5
13. Bf4 $14) 12. Be3 $14) 10... f5 11. Qh5+ (11. Qg3 $5 Nh6 12. Bd2) 11... Qf7
12. Qf3 Ne7 13. Ne2 O-O 14. O-O Rc8 15. b4 (15. b4 axb4 16. axb4 Nd7 17. Bb3
Bb5 $10) 1/2-1/2

[Event "Novgorod op"]
[Site "Novgorod"]
[Date "1995.??.??"]
[Round "9"]
[White "Dolmatov, Sergey"]
[Black "Danielian, Oganes"]
[Result "1/2-1/2"]
[WhiteElo "2605"]
[BlackElo "2455"]
[Annotator "Dolmatov,S"]
[PlyCount "56"]
[EventDate "1995.05.??"]
[EventType "swiss"]
[EventRounds "9"]
[EventCountry "RUS"]
[SourceTitle "EXT 2000"]
[Source "ChessBase"]
[SourceDate "1999.11.16"]
[SourceVersion "1"]
[SourceVersionDate "1999.11.16"]
[SourceQuality "1"]

1. e4 e6 2. d4 d5 3. Nc3 Bb4 4. e5 b6 5. a3 Bf8 6. f4 (6. Nf3 $5 Ne7 7. h4 c5
8. h5 h6 9. Ne2 Ba6 10. c3 $14 {Dolmatov,S-Gulko,B/URS/1985/}) 6... c5 7. Nf3
Ne7 $6 (7... Nh6 $5 8. Bb5+ Bd7 9. Bd3 Nc6 10. Be3 f6 $132) 8. Bb5+ $1 (8. Be3
Nf5 9. Bf2 Ba6 10. Bxa6 Nxa6 11. Qe2 Nc7 $13) 8... Bd7 9. Bd3 Nbc6 10. Be3 c4
$6 (10... cxd4 $5 11. Nxd4 Nxd4 12. Bxd4 Nc6 13. Bf2 (13. Ne2 Nxd4 14. Nxd4 Bc5
15. c3 O-O 16. O-O $14) 13... Bc5 $14) 11. Be2 Nf5 12. Bf2 h5 13. g3 Be7 (13...
b5 14. Nxb5 Nxe5 (14... Rb8 15. Nc3 Rxb2 16. O-O $16) 15. Nxe5 Bxb5 16. Bxh5
$16) 14. Qd2 (14. h3 $6 g5 $1 $132) 14... a6 (14... b5 $5) 15. h3 b5 16. Kf1
$16 f6 $1 $8 (16... Qb6 17. Kg2 O-O-O 18. g4 hxg4 19. hxg4 Nh6 20. Kg3 $1 $16)
17. Kg2 fxe5 18. fxe5 O-O 19. Raf1 (19. g4 $2 Nh6 20. Kg3 Qe8 $1 $40) 19... Be8
20. g4 $6 (20. Bd1 $1 Bg6 21. Ne2 $16) 20... Nh4+ $1 (20... Nh6 $2 21. Kg3 $1
$16) 21. Nxh4 $2 (21. Bxh4 Bxh4 22. Nxh4 Rxf1 23. Rxf1 Qxh4 24. Rf4 $1 hxg4 25.
Bxg4 Qe7 26. Ne2 Bg6 27. Ng3 $14) 21... Rxf2+ $1 (21... Bxh4 $2 22. Be3 $1 $16)
22. Rxf2 Bg5 $1 (22... Bxh4 23. Rhf1 Bxf2 24. Rxf2 hxg4 25. Bxg4 $14) 23. Rf4 (
23. Qd1 $6 Bxh4 24. Rff1 Qb6 $44) 23... Bxf4 24. Qxf4 Qxh4 25. Rf1 Bg6 26. Bd1
(26. gxh5 Qxf4 27. Rxf4 Bxc2 28. Bg4 Nd8 $15 (28... Re8 29. Nxd5 $132)) 26...
hxg4 27. Bxg4 Qe7 28. Rf2 b4 (28... b4 29. axb4 Nxb4 30. Na4 Be4+ (30... Bxc2
31. Nc5 Nd3 32. Bxe6+ Qxe6 33. Nxe6 Nxf4+ 34. Nxf4 Be4+ 35. Kg3 $10) 31. Kg3
Nxc2 32. Nc5 Nxd4 33. Nxe4 dxe4 34. Qxe4 Rd8 35. h4 $44) 1/2-1/2

[Event "Biel"]
[Site "Biel"]
[Date "1986.07.30"]
[Round "9"]
[White "Nunn, John DM"]
[Black "Huebner, Robert"]
[Result "1/2-1/2"]
[WhiteElo "2590"]
[BlackElo "2620"]
[Annotator "Dolmatov,S"]
[PlyCount "33"]
[EventDate "1986.07.20"]
[EventType "tourn"]
[EventRounds "11"]
[EventCountry "SUI"]
[EventCategory "12"]
[SourceTitle "MCL"]
[Source "ChessBase"]
[SourceDate "1999.07.01"]
[SourceVersion "1"]
[SourceVersionDate "1999.07.01"]
[SourceQuality "1"]

1. e4 e6 2. d4 d5 3. Nc3 Bb4 4. e5 Qd7 5. Bd2 b6 6. Nf3 Ne7 7. h4 Bxc3 (7...
Ba6 8. Bxa6 Nxa6 9. h5 h6 10. Qe2 Nb8 11. O-O-O $14 {Sigurjonsson,G-Matsumoto,
H/Buenos Aires/1978/}) 8. Bxc3 c5 9. Bd2 Ba6 10. Bxa6 Nxa6 11. Qe2 Nc7 12. h5
h6 13. Be3 Nf5 14. dxc5 Nxe3 15. Qxe3 Qb5 16. a4 (16. cxb6 Qxb2 17. O-O Qxb6
18. Qa3 Nb5 19. Qb4 a5 20. Qa4 O-O 21. Rab1 Nc3 22. Rxb6 Nxa4 $10) 16... Qa5+ (
16... Qxb2 $2 17. O-O Qb4 18. cxb6 Qxb6 19. Qa3 $16) (16... Qxc5 17. Nd4 $14)
17. Qd2 (17. Qd2 Qxd2+ 18. Kxd2 bxc5 19. Rh4 $10) 1/2-1/2

[Event "Horgen"]
[Site "Horgen"]
[Date "1995.10.26"]
[Round "6"]
[White "Kasparov, Garry"]
[Black "Ivanchuk, Vassily"]
[Result "0-1"]
[WhiteElo "2795"]
[BlackElo "2740"]
[Annotator "Donev,I"]
[PlyCount "62"]
[EventDate "1995.10.??"]
[EventType "tourn"]
[EventRounds "11"]
[EventCountry "SUI"]
[EventCategory "17"]
[SourceTitle "CBM 050"]
[Source "ChessBase"]
[SourceDate "1996.02.01"]
[SourceVersion "1"]
[SourceVersionDate "1996.02.01"]
[SourceQuality "1"]

1. e4 e6 2. d4 d5 3. Nc3 Bb4 4. e5 b6 5. a3 Bf8 6. Nf3 Ne7 7. h4 (7. Bb5+ c6 8.
Ba4 Ba6 9. Ne2 Bb5 10. Bxb5 (10. Bb3 Bc4 11. Bxc4 dxc4 12. Ng3 h6 13. O-O Ng6
14. Nh5 Qd5 15. Qe2 Nd7 16. b3 b5 17. bxc4 Qxc4 18. Qxc4 bxc4 19. a4 O-O-O 20.
a5 a6 21. Ra4 Nb8 22. Ba3 Rd5 23. Re1 Rb5 24. Kf1 Bxa3 25. Rxa3 {Kruppa,
Y-Moroz,A/URS-sf Ukraine-ch Kherson ;CBM 16 1989/1-0 (95)}) 10... cxb5 11. Qd3
Qd7 12. Bd2 Nbc6 13. Bb4 Nxb4 14. axb4 Rc8 15. O-O Nc6 16. c3 Nb8 17. Nd2 h5
18. f4 g6 19. Rf3 a6 20. Nf1 Kd8 21. Ne3 Rc7 {Mudelsee,M-Zimmerman,C/BL2-SW
8788 (1988) ;BL2 1988/0-1 (72)}) 7... h6 (7... h5 8. Bg5 (8. Ne2 Ba6 9. Nf4
Bxf1 10. Kxf1 Qc8 11. Kg1 Qa6 12. Ng5 g6 13. Qf3 Nbc6 14. Be3 Nd8 15. g4 hxg4
16. Qxg4 Qc4 17. c3 Qb3 18. Qe2 Bh6 19. Nf3 Ndc6 20. Ng2 Nf5 21. Bxh6 Rxh6 22.
Ne3 Nxe3 23. fxe3 {Van de Oudeweetering,A-Vogel,J/NLD-sf (06) ;EXT 94ch 1994/
0-1 (57)}) 8... Ba6 9. Bxa6 Nxa6 10. O-O Qd7 11. Qd3 Nb8 12. Ne2 Nbc6 13. c4
dxc4 14. Qxc4 Nd5 15. Rac1 Nce7 16. Bxe7 Bxe7 17. Nc3 O-O-O 18. Nxd5 exd5 19.
Qa6+ Kb8 20. e6 Qc8 21. Qxc8+ Kxc8 22. exf7 {Sokolov,A-Portisch,L/Moscow
GMA-qual f (03) ;TD 90\03 1990/1/2-1/2 (34)}) (7... Qd7 8. h5 h6 9. Bb5 c6 10.
Ba4 Ba6 11. Ne2 Bb5 12. Bxb5 cxb5 13. Qd3 Nbc6 14. Bd2 Na5 15. Bb4 Nec6 16.
Bxf8 Rxf8 17. Rh4 b4 18. Rg4 bxa3 19. Qxa3 Rg8 20. b3 Qe7 21. Nc3 Rc8 22. Qxe7+
Kxe7 {Krakops,M-Repkova,E/Riga op ;EXT 95op 1995/1-0 (55)}) 8. h5 a5 9. Bb5+ c6
10. Ba4 Nd7 11. Ne2 b5 12. Bb3 c5 13. c3 Nc6 14. O-O Qc7 15. Re1 $6 (15. Nh2
$142 {Tischbierek} Be7 16. f4) 15... c4 16. Bc2 Nb6 17. Bf4 Be7 18. Bg3 Rb8 19.
Nh2 Qd8 20. Ng4 (20. f4 $142) 20... b4 21. axb4 axb4 22. cxb4 $6 Nxb4 23. Bb1
Bd7 24. b3 Ra8 25. Rxa8 Qxa8 26. bxc4 Nxc4 27. Nc1 $2 (27. Nf4 $142 $15) 27...
Ba4 28. Qe2 Qa7 $1 29. Ne3 Qxd4 30. Nxc4 dxc4 31. Qf1 O-O 0-1

[Event "EU-Cup 35th"]
[Site "Budva"]
[Date "2019.11.12"]
[Round "3.10"]
[White "Edouard, Romain"]
[Black "Skytte, Rasmus"]
[Result "1-0"]
[WhiteElo "2635"]
[BlackElo "2373"]
[Annotator "Edouard,R"]
[PlyCount "75"]
[EventDate "2019.11.10"]
[EventType "team-swiss"]
[EventRounds "7"]
[EventCountry "MNE"]
[SourceTitle "CBM 193 Extra"]
[Source "ChessBase"]
[SourceDate "2020.01.31"]
[SourceVersion "1"]
[SourceVersionDate "2020.01.31"]
[SourceQuality "1"]
[WhiteTeam "Gent"]
[BlackTeam "Aarhus Skolerne"]
[WhiteTeamCountry "BEL"]
[BlackTeamCountry "DEN"]

1. e4 e6 2. d4 d5 3. Nc3 Bb4 4. e5 b6 5. Qg4 $5 {An interesting line to force
Black to make a decision with his g7-pawn.} Bf8 $1 (5... Kf8 $6 {would be what
White wants, e.g.} 6. Bd2 Ne7 7. Nf3 c5 8. h4 Ba6 9. Bxa6 Nxa6 10. h5 h6 11.
Qf4 Nb8 12. Ne2 Bxd2+ 13. Nxd2 cxd4 14. Nxd4 Qd7 15. N2f3 $16 {0-1 (67) Hansen,
E (2615)-Ehlvest,J (2521) chess.com 2019}) 6. Bg5 $5 {Forcing ...Qd7 isn't
very useful by itself, but White also temporarily prevents ...Ne7.} Qd7 (6...
Ne7 $6 7. Bxe7 {and Black has no good way to take back on e7, as} Qxe7 {
loses a pawn:} 8. Nxd5 $16) 7. O-O-O $5 {It is unusual to castle longside
against the Winawer, but White uses his lead in development.} Ba6 ({It would
make sense to play} 7... h6 {before White has time to go f4 and keep his
bishop on the d8-h4 diagonal.} 8. Be3 (8. Qh3 Ne7 {wouldn't be clear, as after}
9. Bxe7 Bxe7 {the g7-pawn is not hanging. This was played in Guliyev,N (2577)
-Marin,M (2572) Azerbaijan 2016, 1-0 (31).}) 8... Ba6 (8... Ne7 9. h4 Nbc6 10.
h5 Bb7 11. f4 O-O-O 12. Qf3 f5 13. Bf2 $14 {½-½ (31) Forcen Esteban,D (2561)
-Narciso Dublan,M (2482) Linares 2016}) 9. Bxa6 Nxa6 10. Qe2 Nb8 11. f4 Nc6 12.
Nf3 Bb4 13. Qd3 $6 (13. Nb1 $5) 13... Bxc3 {This exchange makes Black's
position much easier to play.} 14. Qxc3 f5 $6 (14... O-O-O 15. g4 h5 16. h3
hxg4 17. hxg4 Rxh1 18. Rxh1 Nh6 $11) 15. h3 O-O-O 16. b3 Nge7 17. Kb1 Kb7 18.
Bc1 a5 19. a4 Rc8 20. Ba3 Nb8 21. g4 $14 {1-0 (43) Vocaturo,D (2557)-Gonzalez,
J (2322) Spain 2016}) 8. Bxa6 Nxa6 9. f4 g6 $6 (9... Ne7 10. Qf3 O-O-O 11. Nge2
Kb7 12. Rhf1 Rc8 13. g4 g6 14. Kb1 $16 {1-0 (100) Shubin,K (2334)-Antipov,M 
(2589) St Petersburg 2018}) (9... c6 $1 {should be best for Black.} 10. Nf3 (
10. Qe2 Nc7 11. g4 $6 (11. Nf3 $5) 11... h5 $1 12. gxh5 f6 $1 13. Bh4 Qf7 14.
exf6 gxf6 15. f5 O-O-O 16. fxe6 Nxe6 {1/2-1/2 (16) Lanka,Z (2345)-Dizdar,G 
(2455) Jurmala 1983}) 10... h6 11. Bh4 h5 $5 12. Qg5 $6 (12. Qh3 $1 Nh6 13. Kb1
Nf5 14. Bf2 $14) 12... Ne7 13. Qg3 Nf5 $13 {1/2-1/2 (42) Vasiukov,E (2575)
-Andersson,U (2535) Wijk aan Zee 1973}) 10. Qe2 Nb4 11. Nf3 Be7 12. g4 O-O-O (
12... Bxg5 $6 13. fxg5 $1 {is what White would love to get: the f7-pawn is a
target and Black can never get a knight to f5.}) 13. Kb1 (13. f5 $5 exf5 14.
Bxe7 Nxe7 15. Ng5 Qe8 16. e6 {was a fun idea, but after} fxe6 17. Nxe6 Rd7 {
the position is quite unclear.}) 13... Kb8 14. Qf2 Nc6 15. Bh4 h6 (15... Bxh4
16. Nxh4 Nge7 {would have been solid for Black.}) 16. h3 ({I need to prepare
the move} 16. Bg3 {a little bit more, as playing it right away would allow} h5
$1 17. h3 Nh6 $13) 16... Na5 $6 {Definitely Black should have exchanged the
bishops on h4, as now he has problems to develop his pieces.} (16... Bxh4 17.
Nxh4 Nge7 18. Ng2 $14) 17. Bg3 Kb7 18. Rhf1 Nc4 19. b3 (19. Nd2 $5) 19... Na3+
20. Kb2 Qc6 (20... Nb5 21. Nxb5 (21. Nb1 $5 a5 22. c4 Na7 23. cxd5 Qxd5 24. Nc3
Qc6 25. Qe2 $16) 21... Qxb5 22. f5 $16) 21. Bh4 $5 {I'm back to h4 - as I now
want to target the a3-knight.} (21. f5 $5) 21... Nb5 (21... Bb4 22. Rd3 $1 {
and the a3-knight will be lost if Black wants to exhcange his dark-squared
bishop.}) 22. Nxb5 Qxb5 23. f5 Qa5 24. a4 g5 {Probably not a good move, but
without the dark-squared bishop Black has no hope to counter-attack, which is
the only way to justify helping White advance on the queenside as in the game.}
25. Bg3 Bb4 26. Qe3 exf5 27. gxf5 Ne7 28. Qd3 (28. c3 $2 Nxf5 $1 29. cxb4 Nxe3
30. bxa5 Rhf8 $1 {with the idea of ...f6 wouldn't be so clear.}) 28... Nc6 (
28... Nxf5 $6 29. Qxf5 Bc3+ 30. Kb1 b5 31. Be1 $18) 29. c3 Bf8 30. b4 $5 {
Not an obligation, as obviously things went wrong for Black strategically, but
I considered this move to be a win.} Bxb4 (30... Qxa4 31. Ra1 Nxb4 32. Qe2 $1
$18) 31. cxb4 Qxa4 32. Be1 Nxb4 33. Bxb4 Qxb4+ 34. Qb3 a5 35. e6 $1 f6 (35...
fxe6 36. Qxb4 axb4 37. f6 Rhf8 38. Ne5 $18) 36. Qxb4 axb4 37. Ne1 $1 {An
important move.} c5 38. Nd3 {White will play Rc1 next and start collecting
pawns.} 1-0

[Event "Interzonal-15"]
[Site "Manila"]
[Date "1990.??.??"]
[Round "5"]
[White "Cabrilo, Goran"]
[Black "Arencibia Rodriguez, Walter"]
[Result "1-0"]
[WhiteElo "2485"]
[BlackElo "2555"]
[Annotator "Ernst,T"]
[PlyCount "83"]
[EventDate "1990.06.29"]
[EventType "swiss"]
[EventRounds "13"]
[EventCountry "PHI"]
[SourceTitle "CBM 019"]
[Source "ChessBase"]
[SourceDate "1990.12.01"]
[SourceVersion "1"]
[SourceVersionDate "1990.12.01"]
[SourceQuality "1"]

1. e4 e6 2. d4 d5 3. Nc3 Bb4 4. e5 b6 5. a3 Bf8 6. Bb5+ c6 7. Ba4 Ba6 8. Nce2
Bb5 9. Bb3 c5 10. c3 Nc6 11. Nf3 Nge7 12. O-O Nf5 $5 (12... a5) 13. Re1 Be7 (
13... Nh4 $5) 14. Bc2 g6 15. Nf4 cxd4 16. cxd4 Rc8 {/\ 17... Nfd4 18. Nd4 Nd4
19. Qd4 Rc2-/+} 17. Bxf5 $14 exf5 $6 (17... gxf5 18. Nh5 $14) 18. h4 $1 O-O (
18... Bxh4 19. Nxh4 Qxh4 20. Nxd5 $16) 19. g3 Qd7 $6 {/\ Nd8-e6} (19... Re8 20.
Nh3 {/\ Bg5+/=}) 20. e6 $1 $16 fxe6 21. h5 $1 Rf6 $8 22. hxg6 hxg6 23. Nh3 {
/\ Bg5} Rff8 24. Bg5 Bd6 25. Nf4 Qf7 26. Rc1 (26. Nxe6 Rfe8 27. Nf4 Re4) (26.
Rxe6 Bxf4 27. Rf6 Qg7) (26. Kg2 $5 {/\ Rh1}) 26... Rfe8 27. Rc3 Na5 (27... e5
$2 28. dxe5 Nxe5 29. Nxe5 $18) 28. Rce3 $1 (28. Rxc8 Rxc8 29. Rxe6 $2 Bxf4 30.
Re7 Qxe7 31. Bxe7 Rc1 $19) 28... Nc4 29. R3e2 Na5 30. Ne5 $1 Bxe5 (30... Bxe2
31. Nxf7 Bxd1 32. Nxd6 $18) 31. Rxe5 Bd7 $8 32. Kg2 $5 (32. Nxd5 $5 exd5 33.
Re7 Rxe7 34. Rxe7 Re8 $5 (34... Qf8 35. Rxd7 $18) 35. Rxf7 $16) 32... Nc4 33.
Rh1 $1 Qg7 34. Rh6 $18 Nxe5 35. dxe5 Kf7 (35... Qxe5 36. Rxg6+ {/\ Qh5+-}) 36.
Rxg6 Qxg6 37. Nxg6 Kxg6 38. Bf6 Rg8 39. Qd2 Kh7 40. Qb4 $1 Bc6 41. Qh4+ Kg6 42.
Qg5+ 1-0